Inside the Nudge Unit How Small Changes Can Make a Big Difference
Gespeichert in:
| 1. Verfasser: | |
|---|---|
| Format: | Buch |
| Sprache: | Englisch |
| Veröffentlicht: |
London
WH Allen
2015
|
| Ausgabe: | 1st Edition |
| Schlagworte: | |
| Tags: |
Keine Tags, Fügen Sie das erste Tag hinzu!
|
MARC
| LEADER | 00000nam a2200000 4500 | ||
|---|---|---|---|
| 001 | 0259565 | ||
| 005 | 20240221112837.3 | ||
| 020 | |a 9780753556559 | ||
| 020 | |a 978-0-7535-5655-9 | ||
| 041 | 0 | |a eng | |
| 044 | |a GB | ||
| 245 | 1 | 0 | |a Inside the Nudge Unit |b How Small Changes Can Make a Big Difference |c David Halpern |
| 250 | |a 1st Edition | ||
| 264 | 1 | |a London |b WH Allen |c 2015 | |
| 300 | |a 413 s. | ||
| 610 | 2 | 0 | |a psychológia sociálna |
| 610 | 2 | 0 | |a sociológia psychologická |
| 610 | 2 | 0 | |a správanie sociálne |
| 100 | 1 | |a Halpern, David | |